Catálogo público

Resultados de levante de novillos en varios sistemas en la llanura plana de los llanos orientales de Colombia / (Record no. 163087)

MARC details
000 -CABECERA
campo de control de longitud fija 01010nam a2200265Ia 4500
001 - NÚMERO DE CONTROL
campo de control Z_119
003 - IDENTIFICADOR DEL NÚMERO DE CONTROL
campo de control CHAP
008 - DATOS DE LONGITUD FIJA--INFORMACIÓN GENERAL
campo de control de longitud fija 220113s9999 xx 000 0 und d
010 ## - NÚMERO DE CONTROL DE LA BIBLIOTECA DEL CONGRESO
Número de control de LC 163087
040 ## - FUENTE DE LA CATALOGACIÓN
Centro/agencia transcriptor CHAP
090 ## - LOCALMENTE ASIGNADO TIPO-LC NÚMERO DE CLASIFICACIÓN (OCLC); NÚMERO DE CLASIFICACIÓN LOCAL (RLIN)
Número de clasificación (OCLC) (R) ; Numero de clasificación, CALL (RLIN) (NR) R-11
100 ## - ENTRADA PRINCIPAL--NOMBRE DE PERSONA
Nombre de persona Tergas, L E
9 (RLIN) 137322
245 ## - MENCIÓN DE TÍTULO
Título Resultados de levante de novillos en varios sistemas en la llanura plana de los llanos orientales de Colombia /
Mención de responsabilidad, etc. por L.E. Torgas, O. Paladines e I. Kleinheisterkamp
260 ## - PUBLICACIÓN, DISTRIBUCIÓN, ETC.
Lugar de publicación, distribución, etc.
500 ## - NOTA GENERAL
Nota general Sobretiro de: Taller de trabajo: Sistemas de producción con rumiantes en el trópico americano (1981: Aragua, Venezuela), p.p.211-223, 1981 101-119
650 ## - PUNTO DE ACCESO ADICIONAL DE MATERIA--TÉRMINO DE MATERIA
Término de materia o nombre geográfico como elemento de entrada Ganado de carne
Subdivisión general Colombia
9 (RLIN) 45075
650 ## - PUNTO DE ACCESO ADICIONAL DE MATERIA--TÉRMINO DE MATERIA
Término de materia o nombre geográfico como elemento de entrada Ganado de carne
Subdivisión general Pastoreo I. Paladines, O. II. Kleinheisterkamp, I. III. t.
9 (RLIN) 137323
650 ## - PUNTO DE ACCESO ADICIONAL DE MATERIA--TÉRMINO DE MATERIA
Término de materia o nombre geográfico como elemento de entrada Ganado de carne
Subdivisión general Producción
9 (RLIN) 45104
901 ## - ELEMENTOS DE DATOS A LOCAL LDA (RLIN)
a R-11
902 ## - ELEMENTOS DE DATOS B LOCAL, LDB (RLIN)
a M
910 ## - DATOS DE OPCIÓN DEL USUARIO (OCLC)
Datos de opción del usuario
942 ## - ELEMENTOS DE PUNTO DE ACCESO ADICIONAL (KOHA)
Tipo de ítem Koha
942 ## - ELEMENTOS DE PUNTO DE ACCESO ADICIONAL (KOHA)
Tipo de ítem Koha
Holdings
Estado de retiro Estado de pérdida Fuente del sistema de clasificación o colocación Estado dañado Restricciones de uso No para préstamo Código de colección Localización permanente Ubicación/localización actual Fecha de adquisición Total de préstamos Signatura topográfica completa Código de barras Fecha visto por última vez Número de copia Precio válido a partir de Tipo de ítem Koha
    Clasificación Universidad Autónoma de Chapingo   Préstamo interno   Reimpresos Zootecnia Zootecnia 09/11/2005   R-11 z_A0094 18/01/2022 1 18/01/2022 Reimpreso